00597nam a22001817a 450000500170000000800410001701000140005802000260007203500130009803700130011104000170012408200110014110000190015224500710017126000850024227000620032730000260038920100407153236.0100407t xxu||||| |||| 00| 0 eng d aENG-95996 a9788131727171c225.00 aEN-79529 bDBAD/VEN aDPLbEnglish a340.11 aBhardwaj, A.P. aLegal reasoning and legal aptitude for the CLAT/cby A.P. Bhardwaj aDelhibDorling Kindersley (India) Pvt. Ltd. Licensees of Pearson Educationc2009 a14, Local Shopping Centre, Panchsheel ParkbDelhie110017 a248p. :c24 cm. (pbk)